| 000 | 01187nam0a22003251 4500 | ||
|---|---|---|---|
| 001 | rc\3241733 | ||
| 005 | 20130115142309.6 | ||
| 021 |
_aRU _b[70-54196] |
||
| 035 | _a(NLR Aleph) 007475932 | ||
| 090 |
_a7464710 _c7464710 |
||
| 100 | _a20130115d1970 |||y0rusy50 ca | ||
| 101 | 1 |
_arus _ceng |
|
| 102 | _aRU | ||
| 105 | _aab z ||||| | ||
| 200 | 1 |
_aПромысловая океанография _fСокр. пер. с англ. И.И. Светлова _gПод ред. канд. геогр. наук Д.Я. Беренбейма |
|
| 210 |
_aМосква _cПищевая пром-сть _d1970 |
||
| 215 |
_a184 с. _cчерт., карт. _d20 |
||
| 300 | _aДоп. тит. л.: Ilmo Hela and Taivo Laevastu. Fisheries hydrography | ||
| 320 | _aБиблиогр.: с. 170-183 | ||
| 513 | 0 | _aFisheries hydrography | |
| 606 |
_aОкеанография промысловая _2psbo |
||
| 700 | 1 |
_aХела _bИ. _gИлмо |
|
| 701 | 1 |
_aЛевасту _bТ. _gТайво |
|
| 702 | 1 |
_aСветлова _bИ. И. _4730 |
|
| 702 | 1 |
_aБеренбейма _bД. Я. _4340 |
|
| 801 | 0 |
_aRU _bNLR _gpsbo |
|
| 801 | 1 |
_aRU _bELAR _2rusmarc |
|
| 852 |
_aNLR _j70-3/4039 |
||
| 942 | _cBOOK | ||
| 980 | _aNB | ||